Countries With Most Natural Resources - Statistics

General Stats
  • This quiz has been taken 190 times
  • The average score is 7 of 10
Answer Stats
Answer % Correct
United States
98%
China
96%
Russia
95%
Canada
85%
Brazil
84%
Australia
72%
Saudi Arabia
65%
Iran
48%
Venezuela
37%
Iraq
34%
No matching quizzes found
Score Distribution
Percent of People with Each Score
Percentile by Number Answered
Your Score History
You have not taken this quiz